000 00685nam a2200205Ii 4500
003 JO-AjNU
008 230605s9999||||xx |||||||||||||| ||und||
040 _aJO-AjNU
_bara
_erda
_cJO-AjNU
041 _aara
050 1 4 _aHD85.A7.E7.1992
100 3 _aعريقات، حربي محمد موسى,
_eauthor
_947651
245 0 0 _aمبادىء في التنمية والتخطيط الاقتصادي
250 _aط1
264 3 1 _aعمان:دار الفكر للنشر والتوزيع،1992
300 _a237ص
336 _atext
_btxt
_2rdacontent
337 _aunmediated
_bn
_2rdamedia
338 _avolume
_bnc
_2rdacarrier
650 4 _aالتنمية الاقتصادية
_947652
999 _aA20816
_c24384
_d24384